Evénements du 11 octobre - Statistiques

Statistiques générales
  • Ce quiz a été pris 16 fois
  • Le résultat moyen est 8 sur 15
Statistiques - réponses
Hint Réponse % Correct
Naissance de Jean-Jacques Goldman 1951
87%
Naissance de Larusso 1979
80%
Sortie de la Renault Twingo 1992
73%
Mort du chanteur Frank Alamo 2012
67%
Ouverture du concile Vatican II 1962
60%
Création du collège d'Eton 1440
53%
Inauguration du pont Marie à Paris 1614
53%
Mort de Louise d'Orléans, reine des Belges 1850
53%
Début de la seconde guerre des Boers en Afrique-du-Sud 1899
47%
Mort de l'entomologiste Jean-Henri Fabre 1915
40%
Naissance de l'acteur John Nettles 1943
40%
Mort de Maurice de Vlaminck 1958
40%
Création du parlement de Toulouse 1443
33%
Naissance de François Mauriac 1885
33%
Mort du compositeur Anton Bruckner 1896
27%
Aucun quiz correspondant
Distribution des résultats
% des personnes avec chaque résultat
Percentile par nombre de réponses
Votre historique - résultats
Vous n’avez pas pris ce quiz